000 00652cam a22002173a 4500
001 40718
003 PGUSA
005 20140828083917.0
008 120909s2012||||xxu|||||s|||||000 | eng d
040 _aPGUSA
_beng
042 _adc
100 1 _aGanoe, William Addleman
245 1 0 _aAtlantic Narratives :
_bModern Short Stories; Second Series
_h[electronic resource] /
_cWilliam Addleman Ganoe
260 _bProject Gutenberg,
_c2012
506 _aPublic domain in the USA.
516 _aElectronic text
700 1 _aThomas, Charles Swain
830 0 _aProject Gutenberg
_v40718
856 4 0 _uhttp://www.gutenberg.org/ebooks/40718
942 _cEB
999 _c269970
_d269970